000 00287nam a22001337a 4500
008 171011b xxu||||| |||| 00| 0 eng d
020 _a9780253210432
041 _aeng
080 _a316
100 _a50
101 _aSOC
245 _aMORE THAN CHATTEL
_cGASPAR,D.B
942 _2udc
_cBK
999 _c33141
_d33141